000 00592nam a2200193Ia 4500
005 20250508152146.0
008 008 250505s9999 xx 000 0 eng d
037 _aBooks to be hide in OPAC
040 _aFEDL
_beng
_cFEDL
041 _aeng
_2eng
084 _a372.83, MIE
_qFEDL
100 _aMiel Alice
245 0 _aMore than social studies: A view of social learning in the elementary school
260 _aEnglewood Cliffs
_b Prentice-Hall
_c1957
300 _axii,452p.
700 _a Brogan Peggy
_9760911
942 _cHB
_h372.83, MIE
999 _c1334649
_d1334649